Statistiques concernant Cologne - Culture générale

Cliquez ici pour prendre le quiz!

Statistiques générales

  • Ce quiz a été pris 94 fois
  • Le résultat moyen est 10 sur 15

Statistiques - réponses

InformationRéponse% Correct
Type de parfum produit dans la ville dès 1708{Eau} de Cologne
96%
Style architectural de ce dernierGothique
91%
L'une des deux ville allemande plus peuplée autre que BerlinHambourg / Munich
90%
Événement mondial qui réduit la ville à l'état de ruine2ème guerre mondiale
89%
Type de bâtiment qu'est l'imposant Dom de CologneCathédrale
87%
Fleuve qui coupe la ville en deuxRhin
85%
Nom allemand de la villeKöln
84%
Sport pour lequel Cologne a une équipe surnommée Les BoucsFootball
83%
Pays qui l'annexa dans un département nommé RoerFrance
74%
Civilisation qui a fondé Colonia Claudia Ara AgrippinensiumRomains
70%
Land où se trouve CologneRhénanie-du-Nord-{Westphalie}
54%
Ancien chancelier allemand considéré comme le "père de l'Europe"Konrad Adenauer
44%
Compositeur d'Orphée aux Enfers, célèbre pour son French CancanJacques Offenbach
29%
Ce que produit la société StollwerckChocolat
9%
Écrivain Prix Nobel 1972 avec Portrait de groupe avec dame par exempleHeinrich Böll
6%

Distribution des résultats

Percentile par nombre de réponses

% des personnes avec chaque résultat

Votre développement - résultats

Vous n’avez pas pris ce quiz